Electrónica aplicada características de operación y funcionamiento de circuitos electrónicos

Gorde:
Xehetasun bibliografikoak
Egile nagusia: Frost, John S.
Formatua: Liburua
Hizkuntza:Spanish
Argitaratua: México Limusa-Wiley 1970
Gaiak:
Etiketak: Etiketa erantsi
Etiketarik gabe, Izan zaitez lehena erregistro honi etiketa jartzen!

MARC

LEADER 00000nam a2200000Ia 4500
003 000777
005 20221231143937.0
008 140114s1970 mx a 000 ||spa d
040 |c cru CEDI 
082 |a 621.381.5 F939e 
100 |a  Frost, John S.  |9 19688 
245 |a Electrónica aplicada características de operación y funcionamiento de circuitos electrónicos 
260 |a México Limusa-Wiley   |c 1970 
300 |a 374 páginas ; ilustraciones 
500 |a Título en inglés: Applied electronics operational characteristics and performance of electronics circuits  
650 |x  ELECTRÓNICA -- PROBLEMAS, EJERCICIOS, ETC  |x CIRCUITOS ELECTRONICOS  |9 19689 
942 |2 ddc  |c BK 
999 |c 14599  |d 14599